[Event "Europa ch 2014"]
[Site "Yerevan ARM"]
[Date "2014.03.04"]
[Round "2.97"]
[White "Minasian, Ara"]
[Black "Gevorgyan, Maria"]
[Result "1-0"]
[WhiteElo "2432"]
[BlackElo "2180"]
[PlyCount "93"]
[EventDate "2014.03.03"]
[EventType "swiss"]
[EventRounds "11"]
[EventCountry "ARM"]
[Source "lmi"]
[SourceDate "2014.03.02"]

1. c4 Nf6 2. Nc3 e6 3. Nf3 d5 4. d4 Be7 5. Bg5 O-O 6. e3 h6 7. Bxf6 Bxf6 8. Rc1
c6 9. Bd3 Nd7 10. cxd5 exd5 11. b4 a6 12. O-O Nb6 13. a4 Bg4 14. b5 axb5 15.
axb5 Bh5 16. bxc6 bxc6 17. Be2 Re8 18. Ne1 Bxe2 19. Nxe2 Qd6 20. Nf4 Nc4 21.
Nf3 Reb8 22. Nd2 Nb2 23. Qc2 Bxd4 24. Qxc6 Qxc6 25. Rxc6 Ba7 26. Nxd5 Rd8 27.
Rc2 Nd3 28. Ne7+ Kf8 29. Nc6 Rdc8 30. Nf3 Bc5 31. Ncd4 g6 32. g3 Kg7 33. Rd1
Nb4 34. Rc4 Be7 35. Rdc1 Rxc4 36. Rxc4 Ra1+ 37. Kg2 Ra2 38. g4 Bd6 39. Nb5 Be7
40. Nbd4 Bd6 41. h4 Be7 42. h5 Nd5 43. Nc2 gxh5 44. gxh5 Kf6 45. Ncd4 Ra5 46.
Nh4 Ra8 47. Nhf5 1-0

[Event "Europa ch 2014"]
[Site "Yerevan ARM"]
[Date "2014.03.04"]
[Round "2.98"]
[White "Cerbulenco, Liviu"]
[Black "Petrosian, Davit G"]
[Result "1-0"]
[WhiteElo "2160"]
[BlackElo "2431"]
[PlyCount "89"]
[EventDate "2014.03.03"]
[EventType "swiss"]
[EventRounds "11"]
[EventCountry "ARM"]
[Source "lmi"]
[SourceDate "2014.03.02"]

1. e4 e6 2. d4 d5 3. Nd2 Nf6 4. e5 Nfd7 5. Bd3 c5 6. c3 Nc6 7. Ne2 cxd4 8. cxd4
f6 9. exf6 Nxf6 10. Nf3 Bd6 11. O-O Qc7 12. Bg5 O-O 13. Bh4 Nh5 14. Qc2 h6 15.
Bh7+ Kh8 16. Bg6 Rxf3 17. Bxh5 Rf8 18. Bg3 Bd7 19. Rac1 Rac8 20. Qd2 Rf6 21.
Rc3 Be8 22. Bg4 Bg6 23. b4 Qd7 24. b5 Ne7 25. Rxc8+ Nxc8 26. Be5 Bxe5 27. dxe5
Rf8 28. Nd4 Re8 29. Qa5 Bf5 30. Bxf5 exf5 31. Re1 f4 32. Qc3 Qf7 33. Qf3 Ne7
34. g3 Rf8 35. Kg2 g5 36. Re2 Qg6 37. Qa3 g4 38. gxf4 Qf7 39. Kg1 Rc8 40. Qd6
Ng6 41. Re1 Kh7 42. f5 Nh4 43. e6 Qg7 44. Qd7 Rf8 45. f6 1-0

[Event "Europa ch 2014"]
[Site "Yerevan ARM"]
[Date "2014.03.04"]
[Round "2.99"]
[White "Grishchenko, Sergey1"]
[Black "Antinyan, Armen"]
[Result "1-0"]
[WhiteElo "2431"]
[BlackElo "2155"]
[PlyCount "113"]
[EventDate "2014.03.03"]
[EventType "swiss"]
[EventRounds "11"]
[EventCountry "ARM"]
[Source "lmi"]
[SourceDate "2014.03.02"]

1. d4 Nf6 2. c4 g6 3. Nc3 Bg7 4. e4 d6 5. Be2 O-O 6. Nf3 c6 7. Bg5 Nbd7 8. O-O
e5 9. d5 c5 10. Nd2 Qe7 11. a3 b6 12. Qc2 Re8 13. Rae1 Nf8 14. b4 h6 15. Be3 g5
16. Rb1 Ng6 17. Rfe1 Ng4 18. bxc5 Nxe3 19. fxe3 bxc5 20. Qd1 Rf8 21. Bg4 Nh4
22. Bxc8 Raxc8 23. Qh5 Qd7 24. Nf1 Kh7 25. Ng3 Rb8 26. Rf1 Rb7 27. Rxb7 Qxb7
28. Rb1 Qa6 29. Nb5 Qb6 30. Qd1 Rb8 31. Nc3 Qc7 32. Rxb8 Qxb8 33. Qb1 Qc7 34.
Qb5 Bf6 35. Qa6 Qb6 36. Qxb6 axb6 37. Nf5 Nxf5 38. exf5 Be7 39. Kf2 Kg7 40. Ne4
f6 41. Ke2 h5 42. Kd3 Kf7 43. Kc2 Ke8 44. Kb3 Kd7 45. Ka4 Kc7 46. Kb5 Kb7 47.
h3 Ka7 48. Kc6 Bd8 49. Nc3 g4 50. Na4 Be7 51. e4 gxh3 52. gxh3 h4 53. Nxb6 Bf8
54. a4 Bh6 55. a5 Bd2 56. Kb5 Bb4 57. a6 1-0

[Event "Europa ch 2014"]
[Site "Yerevan ARM"]
[Date "2014.03.04"]
[Round "2.100"]
[White "Mnatsakanian, Eduard A"]
[Black "Simonian, Tigran"]
[Result "0-1"]
[WhiteElo "2144"]
[BlackElo "2425"]
[PlyCount "142"]
[EventDate "2014.03.03"]
[EventType "swiss"]
[EventRounds "11"]
[EventCountry "ARM"]
[Source "lmi"]
[SourceDate "2014.03.02"]

1. e4 c5 2. Nf3 e6 3. d4 cxd4 4. Nxd4 Nc6 5. Nc3 Qc7 6. g3 a6 7. Bg2 Nf6 8. O-O
d6 9. Re1 Nd7 10. Nce2 Be7 11. b3 O-O 12. c4 Rb8 13. Bb2 Nc5 14. Qd2 Re8 15.
Rad1 Bf8 16. Nc3 Bd7 17. Nc2 Ne5 18. Qe2 b5 19. cxb5 axb5 20. f4 Ng6 21. b4 Na6
22. a3 Rec8 23. Ne3 Qa7 24. Kh1 Bc6 25. Nc2 Nc7 26. Nd4 Be8 27. Nb3 Na8 28. Na5
Nb6 29. Qf2 Qa6 30. Rc1 Nc4 31. Nxc4 bxc4 32. Rcd1 Be7 33. h4 h6 34. Rd2 Ba4
35. Kh2 Nf8 36. Bf3 Nd7 37. Qe3 Nb6 38. Rc1 Be8 39. Qf2 Rc7 40. Qe3 Rbc8 41.
Bd1 Ba4 42. Nxa4 Nxa4 43. Bxa4 Qxa4 44. Qc3 Bf6 45. e5 dxe5 46. fxe5 Be7 47.
Rcd1 f6 48. Rc1 f5 49. Rcd1 Rf8 50. Rf1 g5 51. hxg5 hxg5 52. Rd4 Qc6 53. Qf3 c3
54. Qxc6 Rxc6 55. Bc1 Kf7 56. Kg2 Rd8 57. Rfd1 Rxd4 58. Rxd4 c2 59. Rd3 g4 60.
Kf2 Kg6 61. b5 Rc5 62. b6 Rxe5 63. Rb3 Bc5+ 64. Kf1 Rd5 65. b7 Rd1+ 66. Ke2 Ba7
67. b8=Q Bxb8 68. Rxb8 Rxc1 69. Rc8 Rg1 70. Rxc2 Rg2+ 71. Kd1 Rxg3 0-1

[Event "Europa ch 2014"]
[Site "Yerevan ARM"]
[Date "2014.03.04"]
[Round "2.101"]
[White "Petrosyan, Tigran S"]
[Black "Tutisani, Noe"]
[Result "1-0"]
[WhiteElo "2425"]
[BlackElo "2137"]
[PlyCount "101"]
[EventDate "2014.03.03"]
[EventType "swiss"]
[EventRounds "11"]
[EventCountry "ARM"]
[Source "lmi"]
[SourceDate "2014.03.02"]

1. d4 Nf6 2. c4 g6 3. Nf3 Bg7 4. g3 c6 5. Bg2 d5 6. Qb3 O-O 7. O-O Qb6 8. Nc3
dxc4 9. Qxc4 Be6 10. Qd3 Na6 11. e4 Rad8 12. Qe2 Qb4 13. Rd1 Qc4 14. Qe1 Bg4
15. Ne5 Qe6 16. Nxg4 Qxg4 17. Be3 Qh5 18. h3 Qa5 19. a3 Rd7 20. b4 Qd8 21. Rac1
Nc7 22. Rd2 e6 23. Na4 Qa8 24. Nc5 Rdd8 25. Nb3 h6 26. a4 Rc8 27. Rdc2 a6 28.
Bf4 Rfd8 29. Qe3 g5 30. Be5 Nce8 31. f4 g4 32. Bxf6 Nxf6 33. e5 Nd5 34. Bxd5
Rxd5 35. hxg4 Re8 36. Rf1 Qd8 37. a5 Qe7 38. Nc5 Red8 39. Rc4 f6 40. Kg2 fxe5
41. fxe5 Rf8 42. Rf4 Rdd8 43. Rc1 Rxf4 44. gxf4 Qh4 45. Qg3 Qxg3+ 46. Kxg3 Rxd4
47. Nxe6 Rxb4 48. Rd1 Kf7 49. Nxg7 Kxg7 50. Rd7+ Kf8 51. f5 1-0

[Event "Europa ch 2014"]
[Site "Yerevan ARM"]
[Date "2014.03.04"]
[Round "2.102"]
[White "Goryachkina, Aleksandra"]
[Black "Ghvamberia, Nika"]
[Result "1-0"]
[WhiteElo "2424"]
[BlackElo "2133"]
[PlyCount "59"]
[EventDate "2014.03.03"]
[EventType "swiss"]
[EventRounds "11"]
[EventCountry "ARM"]
[Source "lmi"]
[SourceDate "2014.03.02"]

1. d4 Nf6 2. c4 d6 3. Nf3 Nbd7 4. g3 g6 5. Bg2 Bg7 6. O-O O-O 7. Nc3 Re8 8. e4
e5 9. d5 Nc5 10. Ne1 a5 11. h3 Bd7 12. Be3 Na6 13. Nd3 c6 14. Qd2 cxd5 15. cxd5
b6 16. Rab1 Nc5 17. Rfc1 Nh5 18. b4 axb4 19. Nxb4 Qc8 20. Kh2 f5 21. exf5 gxf5
22. Qd1 Nf6 23. Nc6 f4 24. gxf4 e4 25. Rxb6 Nd3 26. Nxe4 Nxc1 27. Nxd6 Bg4 28.
Qxc1 Qc7 29. Nxe8 Qd6 30. Ne5 1-0

[Event "Europa ch 2014"]
[Site "Yerevan ARM"]
[Date "2014.03.04"]
[Round "2.103"]
[White "Hudyakov, Sergey"]
[Black "Paravyan, David"]
[Result "0-1"]
[WhiteElo "2107"]
[BlackElo "2423"]
[PlyCount "90"]
[EventDate "2014.03.03"]
[EventType "swiss"]
[EventRounds "11"]
[EventCountry "ARM"]
[Source "lmi"]
[SourceDate "2014.03.02"]

1. d4 f5 2. Nf3 Nf6 3. Bf4 g6 4. e3 Bg7 5. Bc4 e6 6. Nbd2 O-O 7. h3 h6 8. O-O
d6 9. Bh2 Nc6 10. c3 Kh7 11. Qc2 Qe7 12. Rfe1 e5 13. dxe5 dxe5 14. Bb5 e4 15.
Bxc6 bxc6 16. Nd4 c5 17. Nc6 Qe6 18. Na5 Nd5 19. a3 Qa6 20. Nac4 Be6 21. Be5
Nxe3 22. Rxe3 Bxc4 23. Nxc4 Qxc4 24. Bxg7 Kxg7 25. b3 Qf7 26. Ree1 c4 27. bxc4
Qxc4 28. Rad1 Rad8 29. Qb2 Rd3 30. Qb7 Rf7 31. Qxa7 Qxc3 32. a4 c5 33. Qb8 Qd4
34. Rc1 f4 35. Qb5 e3 36. fxe3 Rxe3 37. Kh1 f3 38. Rxe3 Qxe3 39. Qb2+ Kg8 40.
Qb8+ Rf8 41. Qb2 fxg2+ 42. Kxg2 Qf3+ 43. Kh2 Qf4+ 44. Kg2 Qxa4 45. Rxc5 Qe4+
0-1

[Event "Europa ch 2014"]
[Site "Yerevan ARM"]
[Date "2014.03.04"]
[Round "2.104"]
[White "Harutyunian, Tigran K"]
[Black "Bykova, Anastasia"]
[Result "1-0"]
[WhiteElo "2422"]
[BlackElo "2132"]
[PlyCount "53"]
[EventDate "2014.03.03"]
[EventType "swiss"]
[EventRounds "11"]
[EventCountry "ARM"]
[Source "lmi"]
[SourceDate "2014.03.02"]

1. c4 c6 2. d4 d5 3. Nf3 Nf6 4. Qc2 dxc4 5. Qxc4 Bg4 6. Nbd2 Nbd7 7. g3 e6 8.
Bg2 Be7 9. O-O O-O 10. Nb3 Nb6 11. Qc2 Bf5 12. Qd1 Nbd7 13. Bf4 a5 14. Nbd2 Nb6
15. Re1 Ne4 16. a3 Nd5 17. Ne5 Nxf4 18. gxf4 Nf6 19. e3 Bd6 20. e4 Bg6 21. Nxg6
fxg6 22. e5 Bc7 23. exf6 Qxf6 24. Nf3 Qxf4 25. Qb3 Kh8 26. Qxe6 Rf5 27. Re4 1-0

[Event "Europa ch 2014"]
[Site "Yerevan ARM"]
[Date "2014.03.04"]
[Round "2.105"]
[White "Imnadze, Nato"]
[Black "Berchtenbreiter, Maximilian"]
[Result "0-1"]
[WhiteElo "2100"]
[BlackElo "2421"]
[PlyCount "102"]
[EventDate "2014.03.03"]
[EventType "swiss"]
[EventRounds "11"]
[EventCountry "ARM"]
[Source "lmi"]
[SourceDate "2014.03.02"]

1. e4 g6 2. d4 c6 3. Nc3 d5 4. Nf3 Bg7 5. h3 dxe4 6. Nxe4 Nf6 7. Nxf6+ exf6 8.
Bc4 O-O 9. O-O a5 10. a4 Na6 11. c3 Nc7 12. Re1 Nd5 13. Nd2 Be6 14. Qb3 Qc7 15.
Nf1 Rfe8 16. Bd2 f5 17. Bxd5 cxd5 18. g3 Bf8 19. Bf4 Qe7 20. h4 h6 21. Re2 g5
22. hxg5 hxg5 23. Bd2 Bh6 24. f4 f6 25. Rae1 Qd7 26. Ne3 gxf4 27. Nxd5 Bxd5 28.
Rxe8+ Rxe8 29. Rxe8+ Kf7 30. c4 Bc6 31. d5 Bxa4 32. Qf3 Qxe8 33. Qh5+ Kg7 34.
Qxe8 Bxe8 35. gxf4 Kg6 36. Kf2 Ba4 37. c5 Bb3 38. d6 Be6 39. b3 Kf7 40. Ke3 b6
41. Kd4 bxc5+ 42. Kxc5 Bxb3 43. d7 Ke7 44. Bxa5 Kxd7 45. Bd2 Bf8+ 46. Kd4 Bd6
47. Bc1 Bb4 48. Ke3 Bd6 49. Bb2 Bc5+ 50. Kf3 Bd1+ 51. Kg2 Ke6 0-1

[Event "Europa ch 2014"]
[Site "Yerevan ARM"]
[Date "2014.03.04"]
[Round "2.106"]
[White "Erenberg, Ariel"]
[Black "Kanter, Eduard"]
[Result "1/2-1/2"]
[WhiteElo "2092"]
[BlackElo "2410"]
[PlyCount "91"]
[EventDate "2014.03.03"]
[EventType "swiss"]
[EventRounds "11"]
[EventCountry "ARM"]
[Source "lmi"]
[SourceDate "2014.03.02"]

1. d4 Nf6 2. c4 e6 3. Nf3 Bb4+ 4. Bd2 Qe7 5. Qc2 Bxd2+ 6. Nbxd2 d6 7. e4 e5 8.
g3 O-O 9. Bg2 exd4 10. Nxd4 c5 11. N4f3 Nc6 12. O-O Re8 13. Rfe1 Ng4 14. h3
Nge5 15. a3 Qf6 16. Nh2 Nd4 17. Qc3 h5 18. Nhf3 Be6 19. Nxd4 cxd4 20. Qxd4 Nxc4
21. Qxf6 gxf6 22. Nxc4 Bxc4 23. Rad1 Rad8 24. Rd4 Bb5 25. Red1 Bc6 26. h4 Re5
27. Rxd6 Rxd6 28. Rxd6 Kg7 29. Rd4 f5 30. exf5 Bxg2 31. Kxg2 Rxf5 32. f3 Rc5
33. Rd2 Rc4 34. Kh3 a6 35. g4 hxg4+ 36. fxg4 b5 37. h5 b4 38. axb4 Rxb4 39. Rf2
a5 40. Kh4 a4 41. Kg5 Rb5+ 42. Kh4 Rb4 43. Kg3 Rb3+ 44. Kh2 Rb4 45. Rg2 Kh6 46.
Kg1 1/2-1/2

[Event "Europa ch 2014"]
[Site "Yerevan ARM"]
[Date "2014.03.04"]
[Round "2.107"]
[White "Babayan, Armine"]
[Black "Nakar, Eylon"]
[Result "0-1"]
[WhiteElo "2085"]
[BlackElo "2409"]
[PlyCount "74"]
[EventDate "2014.03.03"]
[EventType "swiss"]
[EventRounds "11"]
[EventCountry "ARM"]
[Source "lmi"]
[SourceDate "2014.03.02"]

1. d4 Nf6 2. c4 g6 3. Nc3 Bg7 4. e4 O-O 5. Be2 d6 6. g4 e5 7. d5 Na6 8. g5 Nd7
9. h4 f5 10. gxf6 Qxf6 11. Rh2 Qe7 12. Bg5 Bf6 13. Bh6 Bg7 14. Be3 Ndc5 15. Qd2
Rf4 16. Bxf4 exf4 17. f3 Bd7 18. Bd1 Nb4 19. a3 Nbd3+ 20. Kf1 a5 21. b3 Qf6 22.
Nge2 Rf8 23. Rb1 Ne5 24. Ng1 a4 25. Nb5 axb3 26. Qc3 Bxb5 27. cxb5 Ng4 28. Qd2
Nxh2+ 29. Qxh2 Qc3 30. Qe2 Ra8 31. Qe1 Rxa3 32. Qxc3 Bxc3 33. Ne2 Be5 34. Ke1
b2 35. Kf2 Nd3+ 36. Kf1 Nb4 37. Nxf4 Ra1 0-1

[Event "Europa ch 2014"]
[Site "Yerevan ARM"]
[Date "2014.03.04"]
[Round "2.108"]
[White "Kanjaryan, Vladimir"]
[Black "Lugovskoy, Maxim"]
[Result "0-1"]
[WhiteElo "2067"]
[BlackElo "2397"]
[PlyCount "116"]
[EventDate "2014.03.03"]
[EventType "swiss"]
[EventRounds "11"]
[EventCountry "ARM"]
[Source "lmi"]
[SourceDate "2014.03.02"]

1. e4 e6 2. d4 d5 3. e5 c5 4. c3 Nc6 5. Nf3 Nh6 6. Bd3 cxd4 7. cxd4 Nf5 8. Bxf5
exf5 9. O-O Be6 10. Nc3 Be7 11. Be3 O-O 12. Qd2 Rc8 13. Rac1 Na5 14. b3 Ba3 15.
Rb1 Bb4 16. Rfc1 f4 17. Bxf4 Bf5 18. Ra1 Ba3 19. Re1 Bb4 20. Rec1 Rc6 21. Qb2
Rg6 22. Bg3 Be7 23. Nb5 h5 24. Nd6 Bg4 25. Qc3 h4 26. Bf4 Nc6 27. Nxb7 Qd7 28.
Nd6 Bxf3 29. Qxf3 Nxd4 30. Qd1 Qg4 31. Qxg4 Rxg4 32. Be3 Ne2+ 33. Kf1 Nxc1 34.
Rxc1 Bxd6 35. exd6 d4 36. f3 Rg6 37. Bf4 Rd8 38. Rd1 Re6 39. Rxd4 f6 40. h3 g5
41. Bh2 Kf7 42. Rd5 Rd7 43. b4 Re3 44. Bg1 Rc3 45. Bxa7 Rc1+ 46. Ke2 Rc2+ 47.
Kd3 Rxg2 48. Bb8 Rg3 49. Ke2 Rxh3 50. a4 Rh1 51. Kf2 h3 52. Kg3 Ke6 53. Rd2 f5
54. Re2+ Kf6 55. Re8 f4+ 56. Kf2 Rh7 57. Bc7 h2 58. Bd8+ Kf5 0-1

[Event "Europa ch 2014"]
[Site "Yerevan ARM"]
[Date "2014.03.04"]
[Round "2.109"]
[White "Charochkina, Daria"]
[Black "Avetisyan, Ashot"]
[Result "1-0"]
[WhiteElo "2374"]
[BlackElo "2121"]
[PlyCount "67"]
[EventDate "2014.03.03"]
[EventType "swiss"]
[EventRounds "11"]
[EventCountry "ARM"]
[Source "lmi"]
[SourceDate "2014.03.02"]

1. d4 d5 2. c4 c6 3. Nc3 Nf6 4. Nf3 dxc4 5. a4 Bf5 6. Nh4 Bd7 7. e3 b5 8. Nf3
Nd5 9. Ne5 e6 10. axb5 Bb4 11. Bd2 Bxc3 12. bxc3 cxb5 13. e4 Nb6 14. Qg4 Kf8
15. h4 f6 16. Rh3 Nc6 17. Rf3 Qe7 18. h5 Nxe5 19. dxe5 f5 20. Qf4 Ke8 21. h6 g6
22. exf5 exf5 23. Qd4 Qe6 24. g4 Qd5 25. Qe3 Bc6 26. Rf4 Rf8 27. gxf5 Rxf5 28.
Rxf5 gxf5 29. O-O-O Qe6 30. Qg5 Qg6 31. Qxg6+ hxg6 32. Bg5 Kf7 33. Rd6 Be4 34.
e6+ 1-0

[Event "Europa ch 2014"]
[Site "Yerevan ARM"]
[Date "2014.03.04"]
[Round "2.110"]
[White "Baghdasaryan, Vahe"]
[Black "Sargsyan, Shushanna"]
[Result "0-1"]
[WhiteElo "2368"]
[BlackElo "2093"]
[PlyCount "120"]
[EventDate "2014.03.03"]
[EventType "swiss"]
[EventRounds "11"]
[EventCountry "ARM"]
[Source "lmi"]
[SourceDate "2014.03.02"]

1. e4 c6 2. d4 d5 3. e5 Bf5 4. h4 h6 5. g4 Be4 6. f3 Bh7 7. e6 Qd6 8. exf7+
Kxf7 9. Bd3 Qg3+ 10. Kf1 Nf6 11. Bxh7 Rxh7 12. Qd3 Qc7 13. Nh3 Kg8 14. g5 hxg5
15. hxg5 Nh5 16. g6 Rh8 17. Rg1 e5 18. dxe5 Qxe5 19. Rg5 Qe6 20. f4 Nd7 21. Qf3
Nhf6 22. Nf2 Re8 23. Bd2 Bc5 24. Nc3 Ne4 25. Ncxe4 dxe4 26. Qe2 e3 27. f5 Qd5
28. Bc3 Rh2 29. f6 Rxf2+ 30. Qxf2 e2+ 31. Ke1 Bxf2+ 32. Kxf2 Qxg5 33. f7+ Kf8
34. Bxg7+ Ke7 35. fxe8=Q+ Kxe8 36. Re1 Qxg6 37. Rxe2+ Kd8 38. Bc3 Kc7 39. b3 c5
40. Ke1 Kc6 41. Kd1 Nb6 42. Kc1 Nd5 43. Bd2 Nb4 44. Bxb4 cxb4 45. Re1 a5 46.
Kb2 b5 47. Rf1 Qg5 48. a3 bxa3+ 49. Kxa3 Qd2 50. Kb2 a4 51. bxa4 Qb4+ 52. Ka2
bxa4 53. Rb1 Qc4+ 54. Kb2 Kb5 55. Ka1+ Ka5 56. Rb8 Qc7 57. Rb2 a3 58. Rb3 Ka4
59. Kb1 Qc4 60. Rb8 Qe4 0-1

[Event "Europa ch 2014"]
[Site "Yerevan ARM"]
[Date "2014.03.04"]
[Round "2.111"]
[White "Gaboyan, Susanna"]
[Black "Hayrapetian, Arman"]
[Result "0-1"]
[WhiteElo "2043"]
[BlackElo "2367"]
[PlyCount "58"]
[EventDate "2014.03.03"]
[EventType "swiss"]
[EventRounds "11"]
[EventCountry "ARM"]
[Source "lmi"]
[SourceDate "2014.03.02"]

1. d4 Nf6 2. c4 g6 3. Nf3 Bg7 4. g3 O-O 5. Bg2 d6 6. O-O Nbd7 7. Nc3 e5 8. e4
h6 9. h3 Nh7 10. Be3 Ng5 11. Ne1 Nb6 12. h4 Nh3+ 13. Kh2 Nf4 14. gxf4 exf4 15.
Bc1 Qxh4+ 16. Kg1 g5 17. Nb5 c5 18. Nxd6 Bg4 19. Bf3 h5 20. dxc5 Rad8 21. cxb6
axb6 22. Bxg4 hxg4 23. Ng2 Qh6 24. Nf5 Qh3 25. Qb3 f3 26. Ne1 Be5 27. Ng3 Bxg3
28. fxg3 Qxg3+ 29. Kh1 Kg7 0-1

[Event "Europa ch 2014"]
[Site "Yerevan ARM"]
[Date "2014.03.04"]
[Round "2.112"]
[White "Chighladze, Iveri"]
[Black "Henseler, Jorgen"]
[Result "1-0"]
[WhiteElo "2365"]
[BlackElo "2075"]
[PlyCount "99"]
[EventDate "2014.03.03"]
[EventType "swiss"]
[EventRounds "11"]
[EventCountry "ARM"]
[Source "lmi"]
[SourceDate "2014.03.02"]

1. d4 Nf6 2. c4 g6 3. Nc3 Bg7 4. e4 d6 5. f3 O-O 6. Be3 e5 7. d5 Nh5 8. Qd2 f5
9. O-O-O Nd7 10. Nge2 Nc5 11. g3 a6 12. Bg2 b5 13. b4 Nd7 14. c5 dxc5 15. bxc5
b4 16. Na4 a5 17. Kb1 Rf7 18. c6 Ndf6 19. Bg5 Qd6 20. h3 Ba6 21. Rhe1 Bb5 22.
Nb2 Bf8 23. g4 Ng7 24. Be3 b3 25. axb3 Qa3 26. Nc3 Rb8 27. Na2 Qxb3 28. Qc3 Bc4
29. Qxb3 Bxb3 30. Rc1 Ba3 31. Ba7 Bxa2+ 32. Kxa2 Rxb2+ 33. Kxa3 Rxg2 34. exf5
Nxd5 35. Rxe5 Nb4 36. Rxa5 Nxc6 37. Rxc6 gxf5 38. Bc5 h5 39. Rh6 Ne8 40. Bd4
Rh7 41. Rxh7 Kxh7 42. Rxf5 hxg4 43. hxg4 Nd6 44. Rf4 Nb5+ 45. Kb3 Nxd4+ 46.
Rxd4 Kg6 47. Kc3 Rg3 48. Rf4 Rg1 49. Kd2 c5 50. Rc4 1-0

[Event "Europa ch 2014"]
[Site "Yerevan ARM"]
[Date "2014.03.04"]
[Round "2.113"]
[White "Beradze, Irakli"]
[Black "Barseghyan, Harutyun"]
[Result "1-0"]
[WhiteElo "2364"]
[BlackElo "2067"]
[PlyCount "95"]
[EventDate "2014.03.03"]
[EventType "swiss"]
[EventRounds "11"]
[EventCountry "ARM"]
[Source "lmi"]
[SourceDate "2014.03.02"]

1. Nf3 Nf6 2. g3 d5 3. Bg2 c6 4. O-O Bf5 5. b3 e6 6. Bb2 Be7 7. d3 h6 8. Nbd2
O-O 9. Qe1 Bh7 10. e4 a5 11. a3 Na6 12. Qe2 Nc5 13. Ne5 Ncd7 14. f4 dxe4 15.
dxe4 Nxe5 16. fxe5 Nd7 17. Rad1 Qc7 18. Nc4 Nb6 19. Nd6 Nc8 20. Qd2 Bg6 21. c4
b6 22. Qc3 Rd8 23. Rd3 Bf8 24. Rfd1 Na7 25. h4 Rd7 26. Bf3 h5 27. b4 axb4 28.
axb4 c5 29. b5 Rad8 30. Bc1 Nc8 31. Bf4 Be7 32. g4 hxg4 33. Bxg4 Bxh4 34. Qc2
f5 35. exf5 exf5 36. Bf3 Nxd6 37. exd6 Qa7 38. Be5 Bf7 39. Qh2 Bg5 40. Qg2 Bh6
41. Ra1 Rxd6 42. Rxd6 Qxa1+ 43. Bxa1 Rxd6 44. Bd5 Kf8 45. Kf1 Be8 46. Be5 Rg6
47. Qb2 Rg4 48. Be6 1-0

[Event "Europa ch 2014"]
[Site "Yerevan ARM"]
[Date "2014.03.04"]
[Round "2.114"]
[White "Nuber, Blasius"]
[Black "Sayadyan, Edvard"]
[Result "1/2-1/2"]
[WhiteElo "2359"]
[BlackElo "2010"]
[PlyCount "155"]
[EventDate "2014.03.03"]
[EventType "swiss"]
[EventRounds "11"]
[EventCountry "ARM"]
[Source "lmi"]
[SourceDate "2014.03.02"]

1. e4 c5 2. Nc3 g6 3. b3 Bg7 4. Bb2 d6 5. Nf3 Nf6 6. Bb5+ Bd7 7. Qe2 O-O 8. O-O
Nxe4 9. Qxe4 Bxc3 10. dxc3 Bxb5 11. Rfe1 e5 12. Nxe5 dxe5 13. c4 Bd7 14. Qxe5
f6 15. Qd5+ Rf7 16. Re6 Kg7 17. Rd1 Qf8 18. Rxf6 Rxf6 19. Qxb7 Kg8 20. Bxf6 Bc6
21. Qc7 Nd7 22. Bb2 Rc8 23. Qg3 Re8 24. Qc3 Ne5 25. Re1 Nf3+ 26. gxf3 Rxe1+ 27.
Qxe1 Qxf3 28. Qe6+ Kf8 29. Qf6+ Qxf6 30. Bxf6 Be4 31. Be5 Ke7 32. Bb8 a6 33.
Ba7 Kd6 34. c3 Bb1 35. a3 Ba2 36. b4 cxb4 37. c5+ Kc6 38. axb4 Kb5 39. Bb6 Bd5
40. Bd8 Kc4 41. Bf6 a5 42. bxa5 Kxc5 43. Be7+ Kb5 44. Bb4 Be4 45. Kf1 h5 46.
Ke2 Bf5 47. Ke3 Be6 48. Kd4 Bh3 49. Kd5 Bg2+ 50. Kd6 Bf3 51. Kc7 Bd5 52. f4 Be4
53. Kb8 Bd5 54. Ka7 Bc4 55. h4 Bd3 56. Kb7 Be4+ 57. Kc7 Bd3 58. Kd6 Be4 59. Ke5
Bd3 60. Kd5 Bf1 61. Kd4 Be2 62. Ke4 Bf1 63. Ke5 Be2 64. Kf6 Bd3 65. Kg5 Be4 66.
Kf6 Bd3 67. Ke5 Bf1 68. f5 gxf5 69. Kxf5 Be2 70. Kg5 Bf3 71. c4+ Kxb4 72. a6
Kxc4 73. a7 Kc5 74. a8=Q Bxa8 75. Kxh5 Bf3+ 76. Kg5 Bd1 77. h5 Bxh5 78. Kxh5
1/2-1/2

[Event "Europa ch 2014"]
[Site "Yerevan ARM"]
[Date "2014.03.04"]
[Round "2.115"]
[White "Kleinert, Juergen"]
[Black "Shahinyan, David"]
[Result "0-1"]
[WhiteElo "2000"]
[BlackElo "2356"]
[PlyCount "62"]
[EventDate "2014.03.03"]
[EventType "swiss"]
[EventRounds "11"]
[EventCountry "ARM"]
[Source "lmi"]
[SourceDate "2014.03.02"]

1. e4 d6 2. d4 Nf6 3. Nc3 e5 4. dxe5 dxe5 5. Qxd8+ Kxd8 6. Bg5 Be6 7. O-O-O+
Nbd7 8. Nf3 Kc8 9. Bh4 h6 10. Bg3 Bd6 11. Bb5 a6 12. Bxd7+ Nxd7 13. a3 b5 14.
Nd5 Kb7 15. h3 Rhd8 16. Rhe1 f6 17. Ne3 Nc5 18. Nd2 Bf7 19. Nf5 Bf8 20. f4 Bh5
21. Nf3 Rxd1+ 22. Kxd1 g6 23. N5h4 exf4 24. Bf2 Re8 25. Bxc5 Bxc5 26. Kd2 Bf2
27. Rf1 Bg3 28. Kd3 f5 29. e5 Rf8 30. Kd4 Kc6 31. e6 Kd6 0-1

[Event "Europa ch 2014"]
[Site "Yerevan ARM"]
[Date "2014.03.04"]
[Round "2.116"]
[White "Birnboim, Nathan"]
[Black "Aleksanyan, Hrant"]
[Result "1-0"]
[WhiteElo "2353"]
[BlackElo "2003"]
[PlyCount "81"]
[EventDate "2014.03.03"]
[EventType "swiss"]
[EventRounds "11"]
[EventCountry "ARM"]
[Source "lmi"]
[SourceDate "2014.03.02"]

1. d4 Nf6 2. c4 e6 3. g3 Bb4+ 4. Bd2 Bxd2+ 5. Nxd2 d5 6. Bg2 O-O 7. Ngf3 b6 8.
cxd5 exd5 9. O-O Bb7 10. Qc2 Nbd7 11. Rfd1 Re8 12. e3 c5 13. Nh4 Qe7 14. Nf5
Qf8 15. dxc5 Nxc5 16. b4 Ne6 17. Qb2 Ng5 18. Rac1 Rac8 19. h4 Ne6 20. a3 Red8
21. Rxc8 Rxc8 22. Nb3 Ne4 23. Bxe4 dxe4 24. Rd7 Rc7 25. Rxc7 Nxc7 26. Qe5 Ne8
27. Nbd4 Nf6 28. Qc7 Qa8 29. Nd6 Bd5 30. Nc8 h6 31. Nxa7 Qe8 32. Nab5 Ng4 33.
Qxb6 Ne5 34. Qd6 Nf3+ 35. Nxf3 Qxb5 36. Nd4 Qc4 37. Kg2 Qa2 38. Qe5 f6 39. Qe7
Qxa3 40. Qd8+ Kh7 41. Qxd5 1-0

[Event "Europa ch 2014"]
[Site "Yerevan ARM"]
[Date "2014.03.04"]
[Round "2.117"]
[White "Musalov, Ruslan"]
[Black "Karapetyan, Lusine"]
[Result "1-0"]
[WhiteElo "2340"]
[BlackElo "1985"]
[PlyCount "105"]
[EventDate "2014.03.03"]
[EventType "swiss"]
[EventRounds "11"]
[EventCountry "ARM"]
[Source "lmi"]
[SourceDate "2014.03.02"]

1. c4 Nf6 2. Nc3 d5 3. cxd5 Nxd5 4. g3 g6 5. Bg2 Nxc3 6. bxc3 Bg7 7. f4 O-O 8.
Nf3 c5 9. Rb1 Qc7 10. Qb3 Nd7 11. O-O c4 12. Qb4 Re8 13. Nd4 e5 14. fxe5 Nxe5
15. Ba3 Rd8 16. Qe7 Qxe7 17. Bxe7 Rd7 18. Bf6 Bxf6 19. Rxf6 Kg7 20. Ra6 b6 21.
Ra5 bxa5 22. Bxa8 Ba6 23. Rb8 Rd6 24. Be4 Rb6 25. Ra8 Bb7 26. Bxb7 Rxb7 27. Rc8
Rb2 28. Rc5 Ng4 29. Nf3 Rxa2 30. Rxc4 h5 31. Rc7 a4 32. Rxa7 a3 33. c4 Ra1+ 34.
Kg2 a2 35. h3 Nf6 36. d3 Nd7 37. Nd4 Ne5 38. Nc2 Rd1 39. Rxa2 Rd2 40. Nb4 Rxa2
41. Nxa2 f5 42. Nb4 Kf6 43. c5 Nd7 44. d4 Ke6 45. h4 Nf6 46. Kf3 Ne4 47. Kf4
Nc3 48. d5+ Ke7 49. Ke5 Nxe2 50. d6+ Kd8 51. c6 Nxg3 52. Nd5 Ne4 53. Nb6 1-0